Linh kiện bán dẫn và vi mạch /

保存先:
書誌詳細
第一著者: Hồ Văn Sung, TS
フォーマット: 図書
言語:Vietnamese
出版事項: Giáo dục 2006
タグ: タグ追加
タグなし, このレコードへの初めてのタグを付けませんか!
Thư viện lưu trữ: Mạng thư viện Đại học Đà Nẵng
LEADER 00624nam a2200265 4500
001 000027511
003 HÔ-SL
005 20150403120000.0
008 150403s vm 000 vie
020 |c 0,0000 
040 |a notts 
100 |a Hồ Văn Sung, TS 
245 |a Linh kiện bán dẫn và vi mạch /  |c Hồ Văn Sung. 
260 |b Giáo dục  |c 2006 
OWN |a LTT 
999 |a From the UDN01 
TYP |a Monograph 
TYP |a Printed language 
980 |a Mạng thư viện Đại học Đà Nẵng